000 00454nam a2200181Ia 4500
001 3238
005 20260306144906.0
008 260306t2008||||xx |||||||||||||| ||spa||
041 _aESP
082 _a262.91
_bC265P
100 _aSinódo de Obispos
_eAUT
245 0 _aLa palabra de Dios en la vida y en la misión de la iglesia
260 _c2008
300 _a42 páginas :
_c20 cm.
650 _aGEN
654 _aCHU
942 _cLIB
_dJUS
_fJUS
_2ddc
_n
999 _c3238
_d3238